000
00293nam a22001337a 4500
008
170906b xxu||||| |||| 00| 0 eng d
020
_a
9780132285919
041
_a
eng
080
_2
4ND
_a
72
100
_a
41
101
_a
ARK
245
_a
CARPENTRY FUNDAMENTALS
_c
WHYTE,D
942
_2
udc
_c
BK
999
_c
26294
_d
26294